Statystyki dla Wszystkie utwory z płyty ReTo - ,,DAMN."

Kliknij tutaj aby rozwiązać quiz!

Ogólne statystyki

  • Ten quiz został rozwiązany 28 razy
  • Średni wynik to 9 z 17

Statystyki odpowiedzi

Nr.Nazwa utworu% Poprawnych
5Bossman
94%
3Minotaur
94%
4Piotruś Pan
83%
13Mówieże
78%
2Szarża (Minotaur Interlude)
67%
17Baphomet/Outro
61%
1Sen/Intro
61%
15Real_Quick (Remix)
56%
10Aye
50%
6Nie_Ja
50%
14Bóstwo
44%
9Kanarek
44%
7Khalifa (Skit I)
44%
8Wstydzę się tej gry
33%
12C.B.C.
28%
16Świetnie
28%
11Wizja (Skit II)
22%

Rozkład punktacji

Percentyl według liczby udzielonych odpowiedzi

Procent ludzi z każdym wynikiem

Twoja historia wyników

Nie rozwiązałeś tego quizu